000 00891nam a2200205Ia 4500
003 OSt
005 20241101093549.0
007 ca aa aaaaa
008 201103s9999 xx 000 0 und d
040 _cSSBUL
041 _abur
082 _223
_a၂၉၄.၃၄၄၃၅ ချမ်း
_b၉၂၃၁ S-SAT
100 0 _aချမ်းမြေ့ဆရာတော်။
245 1 0 _aသတိပဋ္ဌာန်ဝိပဿနာအားထုတ်ပုံ /
_cချမ်းမြေ့ဆရာတော်။
260 _aရန်ကုန် ၊
_b[ချမ်းမြေ့ရိပ်သာကျောင်းဝေယျာဝစ္စအဖွဲ့]၊
_c၂၀၁၁။
300 _aင၊ ၁၂၀ စာမျက်နှာ ၊
_c၁၇ စင်တီ။
500 _aS-SAT: Dr. Sai Aung Tun
650 _aသတိပဌာန်
942 _2ddc
_cBK1
999 _c16280
_d16280